00291 a2200097 450000100060000008200170000610000250002324500900004826000340013860000210017254467 a620.0042 CAL aCallafiore, Giuseppe aProbabilistic and randomized methods for design under uncertaintycGiuseppe calafiroe aLondonbSpringer-verlagc2006 afabrizio dabbene